Tratado de la prueba en materia criminal o exposición comparada de los principios en materia criminal y de sus diversas aplicaciones en Alemania, Francia, Inglaterra, etc

Guardat en:
Dades bibliogràfiques
Autor principal: Mittermaier, Karl Joseph Anton (autor)
Format: Llibre
Idioma:espanyol
Publicat: Madrid Instituto Editorial Reus S.A 1979
Edició:10a. ed
Col·lecció:Biblioteca Jurídica de Autores Españoles y Extranjeros
Matèries:
Etiquetes: Afegir etiqueta
Sense etiquetes, Sigues el primer a etiquetar aquest registre!

MARC

LEADER 00000cam a2200000 a 4500
001 UCC8949
003 CL-VaPUC
008 190830e19790000sp |||||||||||||||||spa|d
020 |a 8429010718 
082 0 4 |a 345.06  |b MIT  |2 21 
100 |a Mittermaier, Karl Joseph Anton  |e autor  |9 603654 
245 1 0 |a Tratado de la prueba en materia criminal o exposición comparada de los principios en materia criminal y de sus diversas aplicaciones en Alemania, Francia, Inglaterra, etc 
250 |a 10a. ed 
300 |a 503 p 
942 |c BK 
945 |d 20190830 10:52:00  |a dcastane 
260 |a Madrid  |b Instituto Editorial Reus S.A  |c 1979 
650 0 |a Derecho procesal penal   |9 256392 
650 0 |a Prueba  |9 256247 
650 7 |a PRUEBA PENAL  |2 CL-VaPUC  |9 256157 
650 7 |a MEDIOS DE PRUEBA  |2 CL-VaPUC  |9 384094 
583 |a last modification  |c 20190830 10:52:00  |k Rodrigo Vera 
490 0 |a Biblioteca Jurídica de Autores Españoles y Extranjeros 
999 |c 375144  |d 375142 
952 |0 0  |1 0  |3 erb  |4 0  |6 345_060000000000000_MIT_1979  |7 0  |8 A  |9 494052  |a BIBDER  |b BIBDER  |e Mateluna Arestizabal, Alfredo Sergio  |i 5596629  |o 345.06 MIT 1979  |p 5596629  |r 2019-11-24  |w 2019-11-24  |y BK  |z Catalogado en:20190830  |k DER